00722nam a2200217Ia 4500003000900000008004100009020001800050040001600068080002500084245009700109260003500206300001400241650002000255650002700275650002100302700003100323700002000354942000700374999001500381952010800396IN-BaIIA211028s9999 xx 000 0 eng d a0-12-014539-1 cIIA Library a047.1:621.38bAEE-39 0aAdvances in electronics and electron physicsbvol. 39cedited by L. Marton and Claire Marton aNew YorkbAcademic Pressc1975 axi, 398p. a Electronics  a Electrophysics98294 aNASA Thesaurus  aMarton, Claire., ed.94818 aMarton, L., ed. cBK c4852d4852 00104070aBANbKAVcGENd1976-05-27l0o047.1:621.38/ AEE-39p5429r2021-11-05w1976-05-27yBK 39.50